000 00648cam a2200145 4500500
005 20251228052418.0
041 _afre
042 _adc
100 1 0 _aRubbers, Benjamin
_eauthor
245 0 0 _aMACGAFFEY, Janet & BAZENGUISSA-GANGA, Rémy. — Congo-Paris. Transnational Traders on the Margins of the Law. Oxford, James Currey ; Bloomington, Indiana University Press, 2000, 190 p., ill.
260 _c2005.
500 _a39
786 0 _nCahiers d'études africaines | 177 | 1 | 2005-03-01 | p. 257j-303j | 0008-0055
856 4 1 _uhttps://shs.cairn.info/revue-cahiers-d-etudes-africaines-2005-1-page-257j?lang=fr&redirect-ssocas=7080
999 _c1583490
_d1583490